000 00524nam a22001817a 4500
005 20251108171131.0
008 250721s1981 xx 000 0 ara d
082 1 4 _a291.6/خال
100 1 _aخالد، خالد محمد
245 1 0 _aمعا على الطريق :
_bمحمد و المسيح /
250 _aط7
264 1 _aبيروت :
_bدار العلم للملايين،
_c1981.
300 _a215ص
650 1 7 _aالديانات
650 1 7 _aالبحث المقارن
942 _2ddc
_cBK
999 _c57460
_d57460